|
|
|
|
| LEADER |
00981pam a22002658a 4500 |
| 001 |
00040336 |
| 005 |
20171123101123.0 |
| 008 |
110330s1995 ||||||Viesd |
| 020 |
# |
# |
|a 978 604 57 0178 2
|c 108000
|
| 041 |
0 |
# |
|a Vie
|
| 082 |
1 |
4 |
|a 959.704 3
|b T455H
|
| 100 |
0 |
# |
|a Võ Nguyên Giáp
|
| 245 |
0 |
0 |
|c Võ Nguyên Giáp; Phạm Chí Nhân (thể hiện)
|a Tổng Hành Dinh trong mùa xuân toàn thắng
|b Hồi ức
|
| 250 |
# |
# |
|a xuất bản lần thứ 7
|
| 260 |
# |
# |
|a Hà Nội
|b Chính trị Quốc gia - Sự Thật
|c 2015
|
| 300 |
# |
# |
|a 368 tr.
|c 21 cm.
|
| 653 |
# |
# |
|a Hồi Ức
|
| 653 |
# |
# |
|a Kháng chiến chống mỹ
|
| 653 |
# |
# |
|a Lịch sử
|
| 653 |
# |
# |
|a Tổng tiến công
|
| 653 |
# |
# |
|a Việt Nam
|
| 700 |
1 |
# |
|a Phạm Chí Nhân
|e (thể hiện)
|
| 852 |
# |
# |
|j KM.0023871
|j KD.0022735
|
| 910 |
|
|
|d 23/11/2017
|
| 980 |
# |
# |
|a Trung tâm Học liệu Lê Vũ Hùng, Trường Đại học Đồng Tháp
|